Tiếng Việt thực hành /

Hướng dẫn những kỹ năng chung nhất về tạo lập và tiếp nhận văn bản đến kỹ thuật viết luận văn và tiểu luận khoa học trong nhà trường. Rèn luyện kỹ năng đặt câu và dùng từ: Chữa các lỗi thường gặp về đặt câu và dùng từ trong văn bản...

Descrizione completa

Salvato in:
Dettagli Bibliografici
Autore principale: Bùi Minh Toán
Altri autori: A,Lê Việt Hùng,Đỗ
Natura: Libro
Lingua:Vietnamese
Pubblicazione: H. : NXB Giáo dục, 2005.
Edizione:tái bản lần 8
Soggetti:
Tags: Aggiungi Tag
Nessun Tag, puoi essere il primo ad aggiungerne! !
Thư viện lưu trữ: Mạng thư viện Đại học Đà Nẵng
LEADER 01157cam a22003251a 4500
001 000033290
003 9438
005 20230330095812.0
008 151016s2005 vm 000 vie
020 |c 14400 
040 |a LNN 
041 0 |a vie 
082 |a 495.922  |b BU-T 
100 1 |a Bùi Minh Toán 
245 1 0 |a Tiếng Việt thực hành /  |c Bùi Minh Toán, Lê A, Đỗ Việt Hùng. 
250 |a tái bản lần 8 
260 |a H. :  |b NXB Giáo dục,  |c 2005. 
300 |a 275tr ;  |c 20cm. 
520 |a Hướng dẫn những kỹ năng chung nhất về tạo lập và tiếp nhận văn bản đến kỹ thuật viết luận văn và tiểu luận khoa học trong nhà trường. Rèn luyện kỹ năng đặt câu và dùng từ: Chữa các lỗi thường gặp về đặt câu và dùng từ trong văn bản 
653 |a Tiếng việt 
653 |a thực hành 
700 1 |a A,Lê  |a Việt Hùng,Đỗ 
OWN |a LNN 
999 |a From the UDN01 
TYP |a Monograph 
TYP |a Printed language 
980 |a Mạng thư viện Đại học Đà Nẵng